000 00685nam a2200217Ii 4500
003 JO-AjNU
008 230605s9999||||xx |||||||||||||| ||und||
017 _a2003/8/1619
040 _aJO-AjNU
_bara
_erda
_cJO-AjNU
041 _aara
050 1 4 _aPJ7860.I97.A91 2005
100 3 _aرزق، عبد الناصر,
_eauthor
_952719
245 0 0 _aأشباح الجياد
250 _aط2
264 3 1 _aعمان: دار اليازوري العلمية للنشر والتوزيع، 2005
300 _a318ص
336 _atext
_btxt
_2rdacontent
337 _aunmediated
_bn
_2rdamedia
338 _avolume
_bnc
_2rdacarrier
650 4 _aالأدب العربي - روايات
_952720
999 _aA23370
_c26938
_d26938